Normal view
MARC view
Entry Geographic Name
001 - CONTROL NUMBER
- control field: 18788
003 - CONTROL NUMBER IDENTIFIER
- control field: ARRUPE
005 - DATE AND TIME OF LATEST TRANSACTION
- control field: 20150826113930.0
008 - FIXED-LENGTH DATA ELEMENTS
- fixed length control field: 150826|| aca||aabn | a|a d
040 ## - CATALOGING SOURCE
- Original cataloging agency: ARRUPE
- Transcribing agency: ARRUPE
151 ## - HEADING--GEOGRAPHIC NAME
- Geographic name: Germany
- General subdivision: Intellectual life
- Chronological subdivision: 18th century.
670 ## - SOURCE DATA FOUND
- Source citation: Work cat.: (ARRUPE)0: Herder, Johann Gottfried, 1744-1803. 18769, Johann Gottfried Herder :, c1992.